| 000 | 02151cam a2200349Mi 4500 | ||
|---|---|---|---|
| 999 |
_c3427 _d3427 |
||
| 001 | ocn868131265 | ||
| 003 | OCoLC | ||
| 005 | 20170828160330.0 | ||
| 008 | 131202s2013 enk b 001 0 eng d | ||
| 020 |
_a9781107617445 _q(Paper) |
||
| 020 | _a1107617448 | ||
| 035 |
_a(OCoLC)868131265 _z(OCoLC)990323843 _z(OCoLC)992343356 |
||
| 040 |
_aAKECL _beng _cAKECL _dOCLCO _dYDXCP _dOCLCF _dU3W _dOCLCQ |
||
| 049 | _aTZAA | ||
| 050 | 1 | 4 |
_aK644 _b.E329 2013 |
| 082 | 0 | 4 |
_a342.0878 _223 |
| 100 | 1 | _aEdwards, Alice. | |
| 245 | 1 | 0 |
_aViolence against women under international human rights law / _cAlice Edwards. |
| 250 | _aReprint edition. | ||
| 260 |
_aCambridge ; _aNew York : _bCambridge University Press, _c2013. |
||
| 300 |
_axxxiii, 375 pages ; _c24 cm |
||
| 504 | _aIncludes bibliographical references (pages 344-364) and index. | ||
| 520 | _a"Since the mid-1990s increasing international attention has been paid to the issue of violence against women; however, there is still no explicit international human rights treaty prohibition on violence against women and the issue remains poorly defined and understood under international human rights law. Drawing on feminist theories of international law and human rights, this critical examination of the United Nations' legal approaches to violence against women analyses the merits of strategies which incorporate women's concerns of violence within existing human rights norms such as equality norms, the right to life, and the prohibition against torture. Although feminist strategies of inclusion have been necessary as well as symbolically powerful for women, the book argues that they also carry their own problems and limitations, prevent a more radical transformation of the human rights system, and ultimately reinforce the unequal position of women under international law."-- | ||
| 600 | _2on order | ||
| 650 | 0 | _aWomen (International law) | |
| 650 | 0 |
_aWomen _xCrimes against. |
|
| 650 | 0 |
_aFeminist jurisprudence. _94559 |
|
| 650 | 7 |
_aFeminist jurisprudence. _2fast _94559 |
|
| 650 | 7 |
_aWomen _xCrimes against. _2fast |
|
| 650 | 7 |
_aWomen (International law) _2fast |
|
| 942 |
_2lcc _cBOOK |
||